<?xml version='1.0' encoding='UTF-8'?>
  <record xmlns="http://www.loc.gov/MARC21/slim">
    <leader>00000cam a22000007i 4500</leader>
    <controlfield tag="001">ocn901220901</controlfield>
    <controlfield tag="003">OCoLC</controlfield>
    <controlfield tag="005">20250325190012.6</controlfield>
    <controlfield tag="008">150127s1483    it            000 0 lat d</controlfield>
    <datafield tag="040" ind1=" " ind2=" ">
      <subfield code="a">NLGGC</subfield>
      <subfield code="b">eng</subfield>
      <subfield code="e">rda</subfield>
      <subfield code="e">dcrmr</subfield>
      <subfield code="c">NLGGC</subfield>
      <subfield code="d">QGJ</subfield>
      <subfield code="d">OCLCA</subfield>
      <subfield code="d">OCLCL</subfield>
      <subfield code="d">QGJ</subfield>
      <subfield code="d">OCLCO</subfield>
      <subfield code="d">QGJ</subfield>
      <subfield code="d">OCLCO</subfield>
      <subfield code="d">QGJ</subfield>
      <subfield code="d">OCLCO</subfield>
    </datafield>
    <datafield tag="029" ind1="0" ind2=" ">
      <subfield code="a">NLGGC</subfield>
      <subfield code="b">388319046</subfield>
    </datafield>
    <datafield tag="035" ind1=" " ind2=" ">
      <subfield code="a">(OCoLC)901220901</subfield>
    </datafield>
    <datafield tag="041" ind1="0" ind2=" ">
      <subfield code="a">lat</subfield>
      <subfield code="h">grc</subfield>
      <subfield code="h">ara</subfield>
    </datafield>
    <datafield tag="130" ind1="0" ind2=" ">
      <subfield code="a">Articella.</subfield>
    </datafield>
    <datafield tag="245" ind1="0" ind2="0">
      <subfield code="a">Artisella</subfield>
    </datafield>
    <datafield tag="246" ind1="1" ind2=" ">
      <subfield code="i">Title according to ISTC:</subfield>
      <subfield code="a">Articella seu Opus artis medicinae</subfield>
    </datafield>
    <datafield tag="264" ind1=" " ind2="1">
      <subfield code="a">Impressum Uenetijs :</subfield>
      <subfield code="b">summa cura ac sollicitudine Herma[n]ni Lichte[n]stein,</subfield>
      <subfield code="c">29 Mar. 1483</subfield>
    </datafield>
    <datafield tag="300" ind1=" " ind2=" ">
      <subfield code="a">212 [that is, 216] leaves ;</subfield>
      <subfield code="c">33 cm (folio)</subfield>
    </datafield>
    <datafield tag="336" ind1=" " ind2=" ">
      <subfield code="a">text</subfield>
      <subfield code="b">txt</subfield>
      <subfield code="2">rdacontent</subfield>
    </datafield>
    <datafield tag="337" ind1=" " ind2=" ">
      <subfield code="a">unmediated</subfield>
      <subfield code="b">n</subfield>
      <subfield code="2">rdamedia</subfield>
    </datafield>
    <datafield tag="338" ind1=" " ind2=" ">
      <subfield code="a">volume</subfield>
      <subfield code="b">nc</subfield>
      <subfield code="2">rdacarrier</subfield>
    </datafield>
    <datafield tag="340" ind1=" " ind2=" ">
      <subfield code="m">folio</subfield>
      <subfield code="2">rdabf</subfield>
    </datafield>
    <datafield tag="500" ind1=" " ind2=" ">
      <subfield code="a">Title and publication statement from colophon, which reads: Expletu[m] est opus hoc preclaru[m] artis medicine nomi[n]atum Artisella Hippocratis: q[uam] dilige[n]tissime accuratissimeq[ue] emendatu[m] per dominu[m] Franciscu[m] Argillagnes de Ualentia:artiu[m] &amp; medicine doctore[m] insigne[m]:impressum Uenetijs summa cura ac sollicitudine Herma[n]ni lichte[n]stein Colonie[n]sis. Anno dominici natalis.m.cccc.lxiij.quarto kalendas apriles.</subfield>
    </datafield>
    <datafield tag="500" ind1=" " ind2=" ">
      <subfield code="a">Incipit on leaf 1a verso: In hoc p[re]claro libro sunt ista op[er]a: Primo est liber Joha[n]nicij qui d[icitu]r isagoge grece: nostri aut[em] latini introductionem voca[n]t.</subfield>
    </datafield>
    <datafield tag="500" ind1=" " ind2=" ">
      <subfield code="a">Incipit on leaf 2a recto: Incipiunt isagoge Iohannitij ad Tegni Galieni primus liber medicine.</subfield>
    </datafield>
    <datafield tag="500" ind1=" " ind2=" ">
      <subfield code="a">Edited by Franciscus Argillagnes.</subfield>
    </datafield>
    <datafield tag="500" ind1=" " ind2=" ">
      <subfield code="a">Text printed in two columns.</subfield>
    </datafield>
    <datafield tag="500" ind1=" " ind2=" ">
      <subfield code="a">Signatures: a-d⁸ e⁶ f-s⁸ t-u⁶ v-z⁸ A-C⁸ D⁶; a1r is blank.</subfield>
    </datafield>
    <datafield tag="500" ind1=" " ind2=" ">
      <subfield code="a">With capital spaces with guide letters.</subfield>
    </datafield>
    <datafield tag="505" ind1="0" ind2="0">
      <subfield code="g">[1.]</subfield>
      <subfield code="t">Isagoge /</subfield>
      <subfield code="r">Johannitius --</subfield>
      <subfield code="g">[2.]</subfield>
      <subfield code="t">Liber pulsuum /</subfield>
      <subfield code="r">Philaretus --</subfield>
      <subfield code="g">[3.]</subfield>
      <subfield code="t">Liber urinarum /</subfield>
      <subfield code="r">Theophilus --</subfield>
      <subfield code="g">4.]</subfield>
      <subfield code="t">Liber aphorismorum</subfield>
      <subfield code="r">/ Hippocrates ; cura Constantini Africani --</subfield>
      <subfield code="g">[5.]</subfield>
      <subfield code="t">Liber prognosticorum /</subfield>
      <subfield code="r">Hippocrates ; cum commentis Galeni --</subfield>
      <subfield code="g">[6.]</subfield>
      <subfield code="t">Liber de regimine acutorum morborum /</subfield>
      <subfield code="r">Hippocrates ; cum commentis Galeni --</subfield>
      <subfield code="g">[7.]</subfield>
      <subfield code="t">Epidemie /</subfield>
      <subfield code="r">Hippocrates ; cum commentis Johannis Alexandrini --</subfield>
      <subfield code="g">[8.]</subfield>
      <subfield code="t">De natura fetus /</subfield>
      <subfield code="r">Hippocrates ; versio Bartholomaei de Messina -- [9.]</subfield>
      <subfield code="t">Micro tegni, sive Ars parva /</subfield>
      <subfield code="r">Galenus ; cum commentis Hali filii Rodhan --</subfield>
      <subfield code="g">[10.]</subfield>
      <subfield code="t">De divisione librorum Galenum /</subfield>
      <subfield code="r">Gentilis de Fulgineo --</subfield>
      <subfield code="g">[11.]</subfield>
      <subfield code="t">De lege /</subfield>
      <subfield code="r">Hippocrates ; versio Arnoldi de Villa Nova --</subfield>
      <subfield code="g">[12.]</subfield>
      <subfield code="t">Jusjurandum /</subfield>
      <subfield code="r">versio Petri Pauli Vergerii.</subfield>
    </datafield>
    <datafield tag="510" ind1="4" ind2=" ">
      <subfield code="a">Incunabula short title catalogue,</subfield>
      <subfield code="c">ia01143000</subfield>
      <subfield code="u">https://data.cerl.org/istc/ia01143000</subfield>
    </datafield>
    <datafield tag="510" ind1="4" ind2=" ">
      <subfield code="a">Gesamtkatalog der Wiegendrucke,</subfield>
      <subfield code="c">02679</subfield>
      <subfield code="u">https://www.gesamtkatalogderwiegendrucke.de/docs/GW02679.htm</subfield>
    </datafield>
    <datafield tag="510" ind1="4" ind2=" ">
      <subfield code="a">Bayerische Staatsbibliothek Inkunabelkatalog,</subfield>
      <subfield code="c">A-786</subfield>
      <subfield code="u">https://inkunabeln.digitale-sammlungen.de/Ausgabe_A-786.html</subfield>
    </datafield>
    <datafield tag="510" ind1="4" ind2=" ">
      <subfield code="a">Incunabula in Dutch libraries,</subfield>
      <subfield code="c">441</subfield>
    </datafield>
    <datafield tag="520" ind1="2" ind2=" ">
      <subfield code="a">The Articella ('little art') or Ars medicinae ('art of medicine') is a Latin collection of medical treatises bound together in one volume that was used mainly as a textbook and reference manual between the 13th and the 16th centuries. In medieval times, several versions of this anthology circulated in manuscript form among medical students. Between 1476 and 1534, printed editions of the Articella were also published in several European cities. -- Wikipedia.</subfield>
    </datafield>
    <datafield tag="650" ind1=" " ind2="0">
      <subfield code="a">Medicine</subfield>
      <subfield code="v">Early works to 1800.</subfield>
    </datafield>
    <datafield tag="650" ind1=" " ind2="0">
      <subfield code="a">Incunabula</subfield>
      <subfield code="v">Specimens.</subfield>
    </datafield>
    <datafield tag="650" ind1="1" ind2="2">
      <subfield code="a">Medicine</subfield>
    </datafield>
    <datafield tag="650" ind1=" " ind2="6">
      <subfield code="a">Médecine</subfield>
      <subfield code="v">Ouvrages avant 1800.</subfield>
    </datafield>
    <datafield tag="650" ind1=" " ind2="6">
      <subfield code="a">Incunables</subfield>
      <subfield code="v">Spécimens.</subfield>
    </datafield>
    <datafield tag="650" ind1=" " ind2="7">
      <subfield code="a">Medicine</subfield>
      <subfield code="2">fast</subfield>
    </datafield>
    <datafield tag="650" ind1=" " ind2="7">
      <subfield code="a">Incunabula</subfield>
      <subfield code="2">fast</subfield>
    </datafield>
    <datafield tag="655" ind1=" " ind2="7">
      <subfield code="a">Early works</subfield>
      <subfield code="2">fast</subfield>
    </datafield>
    <datafield tag="700" ind1="1" ind2=" ">
      <subfield code="a">Argilagnes, Franciscus,</subfield>
      <subfield code="d">active 1483-1486,</subfield>
      <subfield code="e">editor.</subfield>
      <subfield code="4">edt</subfield>
      <subfield code="1">https://id.oclc.org/worldcat/entity/E39PCjxkmHtQWKM48txrcj68BX</subfield>
    </datafield>
    <datafield tag="700" ind1="0" ind2=" ">
      <subfield code="a">Ḥunayn ibn Isḥāq al-ʻIbādī,</subfield>
      <subfield code="d">809?-873,</subfield>
      <subfield code="e">author.</subfield>
      <subfield code="4">aut</subfield>
      <subfield code="1">https://id.oclc.org/worldcat/entity/E39PBJhd8dVY4hpKWVKhkXFtKd</subfield>
    </datafield>
    <datafield tag="700" ind1="0" ind2=" ">
      <subfield code="a">Philaretus,</subfield>
      <subfield code="e">author.</subfield>
      <subfield code="4">aut</subfield>
      <subfield code="1">https://id.oclc.org/worldcat/entity/E39PCjxkYxxH7xmt89C9Mw3gjC</subfield>
    </datafield>
    <datafield tag="700" ind1="0" ind2=" ">
      <subfield code="a">Theophilus,</subfield>
      <subfield code="c">Protospatharius,</subfield>
      <subfield code="d">active approximately 7th century,</subfield>
      <subfield code="e">author.</subfield>
      <subfield code="4">aut</subfield>
      <subfield code="1">https://id.oclc.org/worldcat/entity/E39PCjM84GM6Fxj83V9JyqhgDq</subfield>
    </datafield>
    <datafield tag="700" ind1="0" ind2=" ">
      <subfield code="a">Hippocrates,</subfield>
      <subfield code="e">author.</subfield>
      <subfield code="4">aut</subfield>
      <subfield code="1">https://id.oclc.org/worldcat/entity/E39PCjxMPJJrrVDvV8jrjDRywK</subfield>
    </datafield>
    <datafield tag="700" ind1="0" ind2=" ">
      <subfield code="a">Constantine,</subfield>
      <subfield code="c">the African,</subfield>
      <subfield code="d">approximately 1020-1087,</subfield>
      <subfield code="e">editor.</subfield>
      <subfield code="4">edt</subfield>
      <subfield code="1">https://id.oclc.org/worldcat/entity/E39PCjwywgHV7VtcDKRKxX9Kq3</subfield>
    </datafield>
    <datafield tag="700" ind1="0" ind2=" ">
      <subfield code="a">Galen,</subfield>
      <subfield code="e">author.</subfield>
      <subfield code="4">aut</subfield>
    </datafield>
    <datafield tag="700" ind1="0" ind2=" ">
      <subfield code="a">Johannes,</subfield>
      <subfield code="c">Alexandrinus,</subfield>
      <subfield code="d">active 600-642,</subfield>
      <subfield code="e">commentator for written text.</subfield>
      <subfield code="4">cwt</subfield>
      <subfield code="1">https://id.oclc.org/worldcat/entity/E39PBJv4gHK3Rx7P3qygkvVV4q</subfield>
    </datafield>
    <datafield tag="700" ind1="0" ind2=" ">
      <subfield code="a">Bartolomeo da Messina,</subfield>
      <subfield code="d">active 13th century,</subfield>
      <subfield code="e">translator.</subfield>
      <subfield code="4">trl</subfield>
      <subfield code="1">https://id.oclc.org/worldcat/entity/E39PCjJ74gtBj44qFxYp3y8DdP</subfield>
    </datafield>
    <datafield tag="700" ind1="0" ind2=" ">
      <subfield code="a">ʻAlī ibn Riḍwān,</subfield>
      <subfield code="d">-approximately 1068,</subfield>
      <subfield code="e">commentator for written text.</subfield>
      <subfield code="4">cwt</subfield>
    </datafield>
    <datafield tag="700" ind1="0" ind2=" ">
      <subfield code="a">Gentilis Fulginas,</subfield>
      <subfield code="d">-1348,</subfield>
      <subfield code="e">author.</subfield>
      <subfield code="4">aut</subfield>
      <subfield code="1">https://id.oclc.org/worldcat/entity/E39PBJpDT4rJFFK4JMvjWm7rbd</subfield>
    </datafield>
    <datafield tag="700" ind1="0" ind2=" ">
      <subfield code="a">Arnaldus,</subfield>
      <subfield code="c">de Villanova,</subfield>
      <subfield code="d">-1311,</subfield>
      <subfield code="e">translator.</subfield>
      <subfield code="4">trl</subfield>
      <subfield code="1">https://id.oclc.org/worldcat/entity/E39PBJjXgCBd6xmhWyrYCXYgKd</subfield>
    </datafield>
    <datafield tag="700" ind1="1" ind2=" ">
      <subfield code="a">Vergerio, Pietro Paolo,</subfield>
      <subfield code="d">1370-1444,</subfield>
      <subfield code="e">translator.</subfield>
      <subfield code="4">trl</subfield>
      <subfield code="1">https://id.oclc.org/worldcat/entity/E39PBJqw7c88dKgKgfhmdXtMyd</subfield>
    </datafield>
    <datafield tag="700" ind1="1" ind2=" ">
      <subfield code="a">Lichtenstein, Hermann,</subfield>
      <subfield code="d">-1494,</subfield>
      <subfield code="e">printer.</subfield>
      <subfield code="4">prt</subfield>
      <subfield code="1">https://id.oclc.org/worldcat/entity/E39PBJwxHrjdgPmXKHGvhjbDbd</subfield>
    </datafield>
    <datafield tag="752" ind1=" " ind2=" ">
      <subfield code="a">Italy</subfield>
      <subfield code="d">Venice,</subfield>
      <subfield code="e">publication place.</subfield>
      <subfield code="4">pup</subfield>
    </datafield>
    <datafield tag="758" ind1=" " ind2=" ">
      <subfield code="a">Articella (Text)</subfield>
      <subfield code="1">https://id.oclc.org/worldcat/entity/E39PCGGJCVMhrDdjK99q7jbDbd</subfield>
      <subfield code="4">https://id.oclc.org/worldcat/ontology/hasWork</subfield>
    </datafield>
  </record>